| 000 | 00963nam a22003137a 4500 | ||
|---|---|---|---|
| 003 | CHAP | ||
| 005 | 20220329135056.0 | ||
| 008 | 971013s1981 r 00010 d | ||
| 010 | _a30525 | ||
| 011 | _a31497 | ||
| 035 | _a35609 | ||
| 040 | _cCHAP | ||
| 082 |
_a634.96 _bM3 |
||
| 100 | 0 | 0 |
_aMaromorosch, Karl. _971530 |
| 245 | _aMycoplasma diseases of trees and shrubs | ||
| 260 |
_aNew York : _bAcademic Press, _c1981 |
||
| 300 |
_a362 p. _b: ilus |
||
| 590 |
_aBATCH-UPD _b10 _c20130110 _lUCH01 _h2103 |
||
| 590 |
_aBATCH-UPD _b10 _c20130410 _lUCH01 _h1415 |
||
| 590 |
_aBATCH-UPD _b10 _c20130914 _lUCH01 _h1818 |
||
| 590 |
_aCONVERSION _b10 _c20130109 _lUCH01 _h1317 |
||
| 650 | 1 | 4 |
_aÁrboles _xEnfermedades. _982436 |
| 650 | 1 | 4 |
_aArbustos _xEnfermedades. _96725 |
| 650 | 1 | 4 |
_aMicoplasma. _975483 |
| 700 | 0 |
_aRaychaudhuri, Satya Prasad. _994823 |
|
| 901 | _aBK | ||
| 942 | _cLIBRO | ||
| 949 |
_a634.96 M3 _bBC _cLIBRO _d33724000237244 _eLIBRO _h60121 _i35609 _si _t4.72 |
||
| 999 |
_c30525 _d30525 |
||